Представление документа в формате MARC21

Поле Инд. ПП Название Значение
Тип записи a
Библиографический уровень m
001 Контрольный номер 54374d7185d746d6a62f4699ada04391
005 Дата корректировки 20180531133037.0
008 Кодируемые данные 071015
020 a ISBN 5-94603-022-1 (ч. 1)
a ISBN 5-94603-021-3
c Цена, тираж 45.00
040 a Служба первич. каталог. НБ ТвГУ
041 0_ a Код языка текста rus
080 a Индекс УДК 821.161.1.09(075.3)
084 a Индекс другой классификации/Индекс ББК Ш5(2=411.2)я721-1
090 x Авторский знак Л64
a Полочн. индекс Ш5(2=411.2)
245 10 a Заглавие Литература. 11 класс
n Номер части/ раздела Ч. 1
b Продолж. заглавия учеб. для общеобразоват. учреждений : [в 2 ч.]
c Ответственность под ред. В. Г. Маранцмана
260 0_ a Место издания Москва
b Издательство Классикс Стиль
c Дата издания 2002
300 a Объем 359, [8] с.
583 a Действие Получение впервые 254 15.10.2007
k Исполнитель действия Дар ООО "Кроун"
583 a Действие Приписка 266 23.10.2007
k Исполнитель действия Дар ООО "Кроун"
650 04 a Основная рубрика Русская литература
x Основная подрубрика История
x Основная подрубрика Учебники для средней школы
653 0_ a Ключевые слова Русская литература
700 1_ a Другие авторы Маранцман Владимир Георгиевич
e Роль лиц авт., ред.
700 1_ a Другие авторы Бабурина М. А.
e Роль лиц авт.
700 1_ a Другие авторы Вуколова М. С.
e Роль лиц авт.
700 1_ a Другие авторы Дорофеева М. Г.
e Роль лиц авт.
700 1_ a Другие авторы Дубшан Л. С.
e Роль лиц авт.
852 41 t Порядковый номер экземпляра 2
p Инвентарный номер 886176
p Инвентарный номер 886177
852 41 t Порядковый номер экземпляра 1
p Инвентарный номер 886868 130.00
863 t 00177660
863 t 00177659
863 t 00177238
888 a Бесплатные
930 a Новая/Ретро учебники
952 p 254.2007 45.00 1 886176
p 254.2007 45.00 1 886177
p 266.2007 130.00 1 886868
c Вид литературы К ру
954 a Дата поступления на обработку 20071023
999 a Подразделение 2 ч.з.
a Подразделение 2 аб.